Coptologia : (Record no. 27492)
[ view plain ]
| 000 -LEADER | |
|---|---|
| fixed length control field | 01356nas a22003615a 4500 |
| 005 - DATE AND TIME OF LATEST TRANSACTION | |
| control field | 20190529111805.0 |
| 008 - FIXED-LENGTH DATA ELEMENTS--GENERAL INFORMATION | |
| fixed length control field | 190529c19819999oncau p rb||| 00| a0eng d |
| 022 ## - INTERNATIONAL STANDARD SERIAL NUMBER | |
| International Standard Serial Number | 02291134 |
| 022 ## - INTERNATIONAL STANDARD SERIAL NUMBER | |
| International Standard Serial Number | 0921604254 (v. IV) |
| 037 ## - SOURCE OF ACQUISITION | |
| Source of stock number/acquisition | t. Peter's Print. & Publ. Co., Unit #4, 2395 Cawthra Rd., Mississauga, Ont. L5A 2W8 |
| 040 ## - CATALOGING SOURCE | |
| Original cataloging agency | EG-ScBUE |
| Transcribing agency | EG-ScBUE |
| Modifying agency | EG-ScBUE |
| 043 ## - GEOGRAPHIC AREA CODE | |
| Geographic area code | f-ua--- |
| 082 04 - DEWEY DECIMAL CLASSIFICATION NUMBER | |
| Classification number | 281.705 |
| Item number | COP |
| Edition number | 22 |
| 210 0# - ABBREVIATED TITLE | |
| Abbreviated title | Coptologia |
| 222 #0 - KEY TITLE | |
| Key title | Coptologia |
| 245 00 - TITLE STATEMENT | |
| Title | Coptologia : |
| Remainder of title | studia coptica orthodoxa : a research publication in Coptic Orthodox studies. |
| 246 11 - VARYING FORM OF TITLE | |
| Title proper/short title | Gyptologia : epchisbō enremenkīmi enorthodoxos |
| 260 ## - PUBLICATION, DISTRIBUTION, ETC. (IMPRINT) | |
| Place of publication, distribution, etc | Thunder Bay, Ontario : |
| Name of publisher, distributor, etc | Coptologia publication, |
| Date of publication, distribution, etc | [1980]- |
| 300 ## - PHYSICAL DESCRIPTION | |
| Extent | v. : |
| Other physical details | ill., ports. |
| Dimensions | 24 cm. |
| 310 ## - CURRENT PUBLICATION FREQUENCY | |
| Current publication frequency | annual |
| Date of current publication frequency | (1983- ) |
| 321 ## - FORMER PUBLICATION FREQUENCY | |
| Former publication frequency | Semiannual |
| -- | (1981-fall 1982) |
| 362 ## - DATES OF PUBLICATION AND/OR SEQUENTIAL DESIGNATION | |
| Dates of publication and/or sequential designation | Vol. 4 (1983)- |
| 500 ## - GENERAL NOTE | |
| General note | Parallel title romanized from Coptic. |
| 500 ## - GENERAL NOTE | |
| General note | Subtitle varies. |
| 546 ## - LANGUAGE NOTE | |
| Language note | Text in English only. |
| 610 17 - SUBJECT ADDED ENTRY--CORPORATE NAME | |
| Corporate name or jurisdiction name as entry element | Oriental Orthodox churches|z |
| Geographic subdivision | Egypt |
| Form subdivision | Periodicals. |
| Source of heading or term | BUEsh |
| 610 27 - SUBJECT ADDED ENTRY--CORPORATE NAME | |
| Corporate name or jurisdiction name as entry element | Coptic Church |
| Form subdivision | Periodicals. |
| Source of heading or term | BUEsh |
| 710 2# - ADDED ENTRY--CORPORATE NAME | |
| Corporate name or jurisdiction name as entry element | St. Mark's Coptic Canadian Cultural Centre. |
| 710 2# - ADDED ENTRY--CORPORATE NAME | |
| Corporate name or jurisdiction name as entry element | Society for Coptic and Ancient Egyptian Studies. |
| 710 2# - ADDED ENTRY--CORPORATE NAME | |
| Corporate name or jurisdiction name as entry element | Saint Mark Foundation. |
| 710 2# - ADDED ENTRY--CORPORATE NAME | |
| Corporate name or jurisdiction name as entry element | Saint Shenouda the Archimandrite Coptic Society. |
| 942 ## - ADDED ENTRY ELEMENTS (KOHA) | |
| Source of classification or shelving scheme | Dewey Decimal Classification |
| Item type | NB - Book (Non borrowing) |
| Withdrawn status | Lost status | Source of classification or shelving scheme | Damaged status | Not for loan | Koha collection | Location (home branch) | Sublocation or collection (holding branch) | Shelving location | Date acquired | Source of acquisition | Cost, normal purchase price | Invoice Number | Koha issues (times borrowed) | Koha full call number | Piece designation (barcode) | Koha date last seen | Cost, replacement price | Price effective from | Koha item type |
|---|---|---|---|---|---|---|---|---|---|---|---|---|---|---|---|---|---|---|---|
| Dewey Decimal Classification | Baccah | Central Library | Central Library | First floor | 29/05/2019 | Purchase | 190.00 | 32510 | 281.705 COP | 000047876 | 15/07/2025 | 238.00 | 29/05/2019 | NB - Book (Non borrowing) |